| 000 | 01227nam a2200313 a 4500 | ||
|---|---|---|---|
| 999 |
_c1872 _d1872 |
||
| 001 | 1872 | ||
| 003 | BD-JhCC | ||
| 005 | 20171025185313.0 | ||
| 008 | 021122s2003 pau a 001 0 eng | ||
| 020 | _a1579546463 (trade hardcover : alk. paper) | ||
| 035 | _a(BD-JhCC)1872 | ||
| 040 |
_aDLC _cDLC _dDLC |
||
| 041 | _aeng | ||
| 050 | 0 | 0 |
_aRM222.2 _b.A35 2003b |
| 082 | 0 | 0 |
_a613.2/5 _221 _bAGA 2003 |
| 100 | 1 | _aAgatston, Arthur. | |
| 245 | 1 | 4 |
_aThe South Beach diet : _bthe delicious, doctor-designed, foolproof plan for fast and healthy weight loss / _cArthur Agatston. |
| 260 |
_aEmmaus, Penn. : _bRodale ; _bDistributed to the book trade by St. Martin's Press, _c2003. |
||
| 300 |
_aix, 310 p. ; _c24 cm. |
||
| 500 | _aPreviously a hardcover ed. was published by: New York : Random House, 2003. | ||
| 500 | _aIncludes index. | ||
| 650 | 0 | _aReducing diets. | |
| 650 | 0 | _aGlycemic index. | |
| 856 | 4 | 2 |
_3Contributor biographical information _uhttp://www.loc.gov/catdir/bios/hol052/2002154529.html |
| 856 | 4 | 2 |
_3Publisher description _uhttp://www.loc.gov/catdir/description/hol052/2002154529.html |
| 856 | 4 | 1 |
_3Table of contents _uhttp://www.loc.gov/catdir/toc/fy036/2002154529.html |
| 942 |
_2ddc _cBK |
||